| 000 | nam a22 7a 4500 | ||
|---|---|---|---|
| 999 |
_c2507 _d2507 |
||
| 005 | 20170517083936.0 | ||
| 008 | 170517b1985 ny ||||| |||| 00| 0 eng d | ||
| 020 | _a002342690X | ||
| 040 | _aAKMAL | ||
| 082 | _a604.2 GIE | ||
| 090 |
_a604.2 _bGIE |
||
| 245 |
_aTechnical Drawing : _bwith computer graphics / _cFrederick E. Giesecke, Alva Mitchell, Henry Cecil Spencer, Ivan Leroy Hill, John Thomas Dygdon |
||
| 250 | _a7th ed. | ||
| 260 |
_aNew York : _aLondon : _bMacmillan Publishing Co., Inc. _bCollier Macmillan Publishers _c1985 |
||
| 300 |
_a868p _ccm |
||
| 500 | _aIncludes index and preface | ||
| 942 |
_2ddc _cBOOK |
||